|
|
|
|
| LEADER |
00000cam a2200000 7i4500 |
| 001 |
0000000446 |
| 005 |
20040225.0 |
| 090 |
0 |
0 |
|a JPSM634.909595
|b SEM 1991
|
| 110 |
1 |
0 |
|a SEMINAR Kebangsaan berkenaan Dasar Perhutanan Negara
|k 1991
|j Kuala Lumpur
|
| 245 |
1 |
0 |
|a Prosiding Seminar Kebangsaan berkenaan Dasar Perhutanan Negara, 21-22 Januari 1991, Kuala Lumpur
|c diedit oleh Haron bin Haji Abu Hassan
|
| 260 |
0 |
0 |
|a Kuala Lumpur :
|b Ibu Pejabat Perhutanan Semenanjung Malaysia ,
|c 1991
|
| 300 |
|
|
|a vi, 148 p. :
|b ill., map ;
|c 30 cm.
|
| 500 |
0 |
0 |
|a Includes bibliographical references
|
| 650 |
0 |
0 |
|a Forest policy
|z Malaysia
|
| 650 |
0 |
0 |
|a Forests and forestry
|z Malaysia
|
| 700 |
1 |
1 |
|a Haron Haji Abu Hassan
|
| 710 |
1 |
1 |
|a Malaysia ,
|c Ibu Pejabat Perhutanan Semenanjung Malaysia
|
| 745 |
0 |
0 |
|a Pelaksanaan dasar perhutanan negara
|
| 998 |
|
|
|a JPSM
|
| 999 |
|
|
|a 0000000161
|b Monograph
|c Open Shelf
|e Default branch
|
| 999 |
|
|
|a 0000001565
|b Monograph
|c Open Shelf
|e Default branch
|
| 999 |
|
|
|a 0000001566
|b Monograph
|c Open Shelf
|e Default branch
|
| 999 |
|
|
|a 0000001568
|b Monograph
|c Open Shelf
|e Default branch
|
| 999 |
|
|
|a 0000001569
|b Monograph
|c Open Shelf
|e Default branch
|
| 999 |
|
|
|a 0000003097
|b Monograph
|c Open Shelf
|e Default branch
|